|
|
|
|
| LEADER |
00000nab a2200000 a 4500 |
| 001 |
vtls009089848 |
| 003 |
SK-MaSNL |
| 005 |
20260426041220.0 |
| 008 |
140301c20070319xo dr|p|||||||000 b|slo |
| 015 |
|
|
|a SNBRB2007/08
|2 snkbucl
|
| 038 |
|
|
|a SNKBUCL
|
| 040 |
|
|
|a SNKBUCL
|b slo
|c SNKBUCL
|e AACR2
|
| 041 |
0 |
|
|a slo
|
| 044 |
|
|
|a xo
|c SK
|
| 080 |
|
|
|a 376.54
|x (437.6)
|2 2001
|
| 100 |
1 |
|
|a Valášek, Milan
|4 aut
|9 351286
|
| 245 |
1 |
0 |
|a Pre nadané deti je "ťahák" hanba
|b s nadanými deťmi je to náročnejšie
|c Milan Valášek
|
| 300 |
|
|
|b Fotogr.
|
| 610 |
2 |
7 |
|a Gymnázium pre mimoriadne nadané deti (Bratislava, Slovensko)
|2 snkbucl
|9 1061230
|
| 650 |
0 |
7 |
|a talentované deti
|2 snkbucl
|9 68989
|
| 650 |
0 |
7 |
|a vzdelávanie
|2 snkbucl
|9 4033
|
| 773 |
0 |
|
|t Hospodárske noviny
|g Roč. XV., č. 55 (19.3.2007)
|x 1335-4701
|
| 773 |
0 |
8 |
|t Bratislavský kraj
|g S. 35
|
| 852 |
|
|
|a SNK
|b KIS3GCP
|
| 999 |
|
|
|c 1743949
|d 1745879
|